[Event "Biel Mixed"]
[Site "Biel"]
[Date "1991.??.??"]
[Round "1"]
[White "Hansen, Lars Bo"]
[Black "Summermatter, Daniel"]
[Result "1-0"]
[WhiteElo "2510"]
[BlackElo "2350"]
[Annotator "Ribli,Z"]
[PlyCount "65"]
[EventDate "1991.07.??"]
[EventType "tourn"]
[EventRounds "11"]
[EventCountry "SUI"]
[EventCategory "9"]
[SourceTitle "CBM 025"]
[Source "ChessBase"]
[SourceDate "1991.12.01"]
[SourceVersion "1"]
[SourceVersionDate "1991.12.01"]
[SourceQuality "1"]

1. c4 Nf6 2. Nc3 e6 3. e4 c5 4. e5 Ng8 5. Nf3 Nc6 6. d4 cxd4 7. Nxd4 Nxe5 8.
Ndb5 a6 9. Nd6+ Bxd6 10. Qxd6 f6 11. Be3 Ne7 12. Bb6 Nf5 13. Qc5 Qe7 (13... d6
14. Qa5 Qd7 15. f4 Nc6 16. Qa3 e5 17. Bd3 O-O 18. O-O $14 {Kasparov,
G-Beliavsky,A Linares 1991 51/21 CBM/22}) 14. Qxe7+ Kxe7 (14... Nxe7 15. f4
N5c6 16. O-O-O d5 17. a3 $14 {Karpov,An-Ribli,Z Reggio Emilia 1989/90 49/20})
15. f4 Ng6 16. g3 d6 17. Bd3 Nh6 (17... Bd7 18. O-O-O Rac8 19. Rhe1 Kf7 20.
Bxf5 exf5 21. Rxd6 Bc6 22. b4 $14 {Thorsteins,K-Luther,T Borsodtavho 1991 EXP/
23}) 18. O-O Bd7 19. Rfe1 Rac8 20. a4 $146 Kf7 21. Rad1 Ne7 22. a5 Bc6 23. Bb1
d5 24. cxd5 Nxd5 25. Ba2 Nxc3 26. Bxe6+ Kg6 27. bxc3 Rce8 28. Kf2 f5 29. h3
Rhf8 30. Rd6 Kh5 31. Bd4 Nf7 32. Rxc6 $1 Nd8 33. Rd6 1-0

[Event "FRA-ch Pool B"]
[Site "Marseille"]
[Date "2001.08.14"]
[Round "2"]
[White "Bacrot, Etienne"]
[Black "Dorfman, Josif D"]
[Result "1-0"]
[WhiteElo "2653"]
[BlackElo "2602"]
[Annotator "Ribli,Z"]
[PlyCount "77"]
[EventDate "2001.08.13"]
[EventType "tourn"]
[EventRounds "7"]
[EventCountry "FRA"]
[EventCategory "13"]
[SourceTitle "CBM 085"]
[Source "ChessBase"]
[SourceDate "2001.11.13"]
[SourceVersion "1"]
[SourceVersionDate "2001.11.13"]
[SourceQuality "1"]

1. c4 Nf6 2. Nc3 e6 3. e4 {Das ist eine kleine Überraschung - der junge
Großmeister spielt gewöhnlich 3.d4.} c5 {Diese Variante wird heutzutage selten
gespielt.} 4. e5 Ng8 5. Nf3 Nc6 (5... d6 6. exd6 Bxd6 7. d4 cxd4 8. Nxd4 $14)
6. d4 {Das ist die Hauptidee des weißen Spiels. Der Anziehende opfert einen
Bauern und bekommt gutes Spiel auf den schwarzen Feldern.} cxd4 7. Nxd4 Nxe5 8.
Ndb5 (8. Bf4) 8... a6 (8... f6 9. Be3 a6 10. Nd6+ Bxd6 11. Qxd6 {Das ist nur
Zugumstellung zur Partiefortsetzung.}) (8... d6 $6 9. Ne4 (9. c5 $1 $36) 9...
d5 10. cxd5 exd5 11. Qxd5 Qxd5 12. Nc7+ $16) 9. Nd6+ Bxd6 10. Qxd6 {Weiß übt
spürbar positionellen Druck auf den schwarzen Feldern aus.} f6 11. Be3 Ne7 (
11... Nf7 12. Qg3 $44) 12. Bb6 Nf5 13. Qc5 $5 {Dieser Zug bietet Weiß bessere
Chancen auf Eröffnungsvorteil als die Alternative 13.Bxd8.} (13. Bxd8 Nxd6 14.
Bc7 Ke7 15. c5 Ne8 16. Bb6 d5 17. cxd6+ Nxd6 18. Bc5 $44 {Weiß hat
ausreichende Kompensation für den Bauern, aber mehr auch nicht.}) 13... Qe7 $6
{Diese Fortsetzung sieht natürlich aus, aber die Alternative 13...d6 scheint
mir aussichtsreicher.} (13... d6 14. Qa5 Qd7 (14... Qe7 15. O-O-O O-O 16. f4
Nc6 17. Qa3 $36) 15. f4 Nc6 16. Qa3 Nce7 $1 (16... e5 17. Bd3 O-O 18. O-O exf4
$2 (18... Qf7 19. Nd5 Be6 20. Be4 Rac8 21. fxe5 fxe5 22. Qd3 $44 {Kasparov})
19. Rxf4 Nfe7 20. Rd1 $16 {1-0 Kasparov,G-Beliavsky,A Linares 1991 51/21 CBM/
22 (33)}) 17. O-O-O Qc6 18. c5 (18. Qb3 Bd7 19. Rg1 d5 20. g4 Nd6 21. cxd5 Nxd5
22. Rxd5 $5 exd5 23. Bg2 {1/2-1/2 Psakhis,L-Greenfeld,A/Israel 1991/Inf 54/
[Psakhis,L] (31)}) 18... Kf7 $6 (18... d5 $1 19. Bb5 (19. Nb5 O-O) 19... axb5
20. Qxa8 Ne3 $44) 19. Be2 Ne3 $6 20. Rd2 N3d5 21. Nxd5 Nxd5 22. Kb1 $5 Nxf4 23.
Bf3 d5 24. Rhd1 $44 {1-0 Hodgson,J-Barsov,A/York 2000/CBM 81/[Ribli] (42)}) 14.
Qxe7+ (14. Qa5 Nc6 (14... h5 $2 15. O-O-O Kf7 16. c5 $1 Nc6 17. Qa3 Qe8 18. Ne4
$16 {1-0 Miles,A-Grunfeld,Y Philadelphia 1989 48/13 (37)}) 15. Qa4 Qd6 16. c5
Qe5+ 17. Qe4 d5 18. cxd6 Nxd6 19. Qxe5 Nxe5 20. O-O-O Ndf7 21. f4 Nd7 22. Bf2 {
1-0 Serper,G-Luther,T Arnhem 1989/90 49/(20)}) 14... Kxe7 (14... Nxe7 15. f4 (
15. c5 O-O 16. O-O-O N7c6 (16... f5 17. Bc7 N5c6 18. Bd6 Re8 19. Na4 Nd5 20.
Bc4 $14) 17. Be2 g5 18. g3 $14) 15... N5c6 16. O-O-O d5 17. a3 $1 $14 Bd7 18.
cxd5 (18. g3 $5 $146) 18... Nxd5 19. Nxd5 exd5 20. Rxd5 Be6 21. Rd6 Ke7 22. Bc5
Kf7 23. f5 $1 Bxf5 24. Bc4+ Kg6 25. g4 $1 Bxg4 26. Rg1 Ne5 27. h3 $14 {remis
Karpov,An-Ribli,Z Reggio Emilia 1989/90 49/20 (50)}) 15. f4 Ng6 (15... Nf7 16.
Bd3 Nh4 17. O-O d6 18. Rae1 Ng6 19. Nd5+ Kf8 20. Nc7 Rb8 21. Ba7 {1-0 Conquest,
S-Nyman,L/Jyvaskyla 1991/EXT 2000 (21)}) 16. g3 d6 17. Bh3 $5 $146 {[%mdl 4]
Mit dieser Neuerung sind ähnliche Ideen verbunden, wie im Falle von 17.Bd3: in
einigen Varianten möchte Weiß den Nf5 abtauschen. Der Vorteil des Textzuges
besteht darin, dass die d-Linie - nach langer Rochade - für den weißen Turm
geöffnet ist.} (17. Bd3 Nh6 (17... Bd7 18. O-O-O Rac8 19. Rhe1 Kf7 $2 20. Bxf5
exf5 21. Rxd6 $16 {Thorsteins,K-Luther,T Borsodtavho 1991 EXP/23 53/(19)}) 18.
O-O $1 $44 Bd7 19. Rfe1 Bc6 $6 (19... Rac8 20. a4 Kf7 21. Rad1 Ne7 22. a5 Bc6
23. Bb1 d5 24. cxd5 Nxd5 25. Ba2 {1-0 Hansen,L-Summermatter,D/Biel 1991/CBM 25/
[Ribli] (33)}) 20. b4 $1 Kf7 21. a4 f5 22. Bc7 $1 Ke7 23. b5 {1-0 Ribli,
Z-Luther,T/Altensteig 1992/CBM 31/[Ribli] (38)}) 17... Bd7 (17... e5 $4 18.
Nd5+ Kf7 19. Nc7 Rb8 20. Ba7 $18) 18. O-O-O Bc6 (18... e5 19. c5 $1 $40) (18...
Rac8 19. Rhe1 Kf7 20. c5 d5 21. Ne4 $16 {Droht 22.Bxf5 und 23.Nd6+.}) 19. Rhe1
{[%csl Re7]} Kf7 {[#]} 20. Nd5 $1 {[%csl Gd5][%cal Rd5c7,Rc7e6,Rc7a8] Dieser
Zug ist stark und schön - es droht 21.Nc7.} (20. Bxf5 exf5 21. Rxd6 Rhe8 $14) (
20. Ne4 Bxe4 21. Rxe4 Nge7 22. g4 d5 $13) 20... exd5 21. Bxf5 Nf8 {[%csl Gb6,
Gf5]} (21... dxc4 22. Be6+ Kf8 23. Bc7 $16) (21... Rhe8 22. Rxe8 Bxe8 (22...
Kxe8 23. cxd5 Bd7 24. Re1+ Ne7 25. Bxh7 $18) 23. cxd5 Bb5 24. Be6+ Ke7 25. Re1
$16) 22. c5 $1 (22. cxd5 Bd7 $1 23. Bc2 Bg4 $132) (22. Bc7 $5 dxc4 23. Bxd6 Re8
24. Rxe8 Kxe8 25. Re1+ Kd8 26. Be7+ Kc7 27. Bxf8 Rxf8 28. Re7+ Kd6 29. Rxg7 h5
30. Rh7 Bf3 31. Bg6 $16) 22... dxc5 (22... Bd7 $142 $5 23. Bc2 dxc5 24. Rxd5
Bc6 25. Bb3 $1 (25. Rxc5 Nd7 26. Bb3+ Kg6 27. f5+ Kh6 28. Rxc6 $2 bxc6 29. Be3+
g5 30. h4 $15) 25... Bxd5 26. Bxd5+ Kg6 27. Re7 $44) 23. Bxc5 {[%mdl 2048]} h5
(23... Re8 24. Rxe8 Kxe8 25. Re1+ Kf7 (25... Kd8 26. Bb6#) 26. Re7+ $44) 24.
Re7+ Kg8 25. Rde1 {[%cal Ge1e8] Droht 26.Rc7 und 27.Ree7.} (25. Bd4 $142 $1)
25... Rh6 $2 (25... g6 26. Bc2 Rh7 27. Rxh7 (27. Bd4 Rf7) 27... Kxh7 28. Re7+
Kh6 29. Bd4 $44) 26. Rc7 Ng6 (26... g6 27. Bc8 $1 Rh7 28. Ree7 Rxe7 29. Bxe7
Kf7 30. Bxb7 Bxb7 31. Rxb7 $16) 27. h4 $1 $16 {Das ist ein sehr starker
prophylaktischer Zug - eigentlich befindet sich Schwarz hier schon im Zugzwang.
} a5 28. Bc8 a4 29. Kd2 Rh8 30. Bf5 $6 {Dieser Zug ist nicht schlecht, aber
Weiß hat etwas viel besseres.} (30. f5 $142 $1 Ne5 31. Rxe5 fxe5 32. f6 gxf6
33. Be6#) 30... Rh6 (30... Kh7 31. g4 Kh6 32. g5+ fxg5 33. hxg5+ Kh7 34. Rh1
$18) 31. a3 Rd8 32. Kc3 {Weiß muss sich nicht beeilen - mit ein paar stillen
Zügen verbessert er seine Stellung.} Kh8 33. Bb6 {Droht 34.Rxc6 mit Gewinn.}
Ra8 34. Bc8 Kg8 35. Bd4 Rh8 36. Be6+ Kh7 37. Bxf6 $18 {Weiß hat bereits das
materielle Gleichgewicht wieder hergestellt. Die schwarze Stellung ist
inzwischen völlig hoffnungslos, der Pg7 ist nicht zu verteidigen.} Rhe8 38.
Rxg7+ Kh6 39. Rc7 (39. Rc7 Nf8 40. Bg5+ Kg6 41. f5#) 1-0

[Event "Las Palmas"]
[Site "Las Palmas"]
[Date "1993.??.??"]
[Round "6"]
[White "Azmaiparashvili, Zurab"]
[Black "Georgiev, Kiril"]
[Result "1/2-1/2"]
[WhiteElo "2655"]
[BlackElo "2660"]
[Annotator "Ribli,Z"]
[PlyCount "117"]
[EventDate "1993.06.??"]
[EventType "tourn"]
[EventRounds "9"]
[EventCountry "ESP"]
[EventCategory "16"]
[SourceTitle "CBM 036"]
[Source "ChessBase"]
[SourceDate "1993.10.01"]
[SourceVersion "1"]
[SourceVersionDate "1993.10.01"]
[SourceQuality "1"]

1. c4 Nf6 2. Nc3 e6 3. e4 c5 4. e5 Ng8 5. Nf3 d6 $5 (5... Nc6 $6 $14 {Ribli,
Z-Luther,T/Altensteig/1992/CBM31}) 6. exd6 Bxd6 7. d4 cxd4 8. Nxd4 a6 9. g3 (9.
Be3 $13 {Kortschnoj,V-Vladimirov,E/Salamanca/1991/CBM23/51,20/}) (9. Be2 $10 {
Ermenkov-Kolev/Bulgaria/1992/54,18/}) 9... Nf6 10. Bg2 O-O 11. O-O e5 $1 12.
Nc2 Nc6 13. Bg5 Be7 14. Re1 (14. Qxd8 Rxd8 15. Rad1 Be6 $10) 14... Be6 15. b3
h6 16. Be3 (16. Bxf6 Bxf6 17. Nd5 Rb8 $10) 16... Rc8 17. Rc1 b5 $1 18. Nd5 (18.
cxb5 Nb4 $1 $15) 18... bxc4 19. bxc4 Bxd5 20. cxd5 Na5 21. Rb1 Nc4 22. Bc1 $6
Qa5 $15 23. Ne3 Qxa2 24. Rb7 Bc5 25. Re2 (25. Nxc4 $2 Bxf2+ 26. Kh1 Bxe1 $19)
25... Nxe3 26. Bxe3 Qa3 27. Rb3 Qa4 28. Rd3 Qb5 29. Bh3 (29. Bxc5 Rxc5 30. Rxe5
Rfc8 $17) 29... Bxe3 (29... Rcd8 30. Bxc5 Qxc5 31. Rxe5 $10) 30. Bxc8 Bd4 $1
31. Bh3 Qxd5 (31... Nxd5 $5 32. Qb3 $2 Nc3 $1 33. Qxb5 (33. Rxc3 Qxe2 $19)
33... Nxe2+ $19) 32. Qb3 Qa5 33. Qa2 Qb6 34. Ra3 Ra8 35. Qb3 Qd6 36. Bg2 Rc8
37. Qd3 Rc1+ 38. Bf1 a5 39. Rea2 (39. Rxa5 $4 Bxf2+ 40. Rxf2 Qxd3 $19) 39...
Ng4 40. Kg2 (40. Rxa5 $2 Bxf2+ $1 41. Kg2 Ne3+ $1 42. Kxf2 Rxf1+ 43. Kxe3 (43.
Qxf1 Nxf1 $17) 43... Qb6+ $1 44. Ke4 (44. Ke2 Qf2# $19) 44... f5+ $19) 40...
Qc6+ 41. Qf3 Qxf3+ 42. Rxf3 Nxh2 43. Kxh2 Rxf1 44. Kg2 Rc1 45. Rxa5 f6 46. Ra2
Kh7 47. Rd3 Rc4 48. Rda3 h5 49. Ra4 Rc7 50. Rd2 Rd7 (50... Kg6 51. Raxd4 $1
exd4 52. Rxd4 $15) 51. Kf3 Kg6 52. Ke4 Kg5 53. Kf3 Kf5 54. Rc4 g5 55. Rdc2 Rd5
56. Rc8 e4+ 57. Kg2 e3 58. fxe3 Bxe3 59. R8c3 1/2-1/2

[Event "Salamanca"]
[Site "Salamanca"]
[Date "1991.??.??"]
[Round "1"]
[White "Kortschnoj, Viktor Lvovich"]
[Black "Vladimirov, Yevgeniy"]
[Result "0-1"]
[WhiteElo "2615"]
[BlackElo "2575"]
[Annotator "Ribli,Z"]
[PlyCount "92"]
[EventDate "1991.04.??"]
[EventType "tourn"]
[EventRounds "11"]
[EventCountry "ESP"]
[EventCategory "10"]
[SourceTitle "CBM 023"]
[Source "ChessBase"]
[SourceDate "1991.08.01"]
[SourceVersion "1"]
[SourceVersionDate "1991.08.01"]
[SourceQuality "1"]

1. c4 Nf6 2. Nc3 e6 3. e4 c5 4. e5 Ng8 5. Nf3 d6 $5 (5... Nc6 6. d4 cxd4 7.
Nxd4 Nxe5 8. Ndb5 $146 {Kasparov,G-Beliavsky,A Linares 1991 CBM/22}) 6. exd6
Bxd6 (6... Nc6 7. d4 cxd4 8. Nxd4 Qxd6 9. Be3 Nf6 10. Be2 Bd7 11. O-O $14 Qb8
12. c5 Be7 13. b4 $1 Nxb4 14. Rb1 a5 15. a3 Nc6 16. Bf3 Qc7 17. Ncb5 Qe5 18.
Nxc6 bxc6 19. Bd4 $18 {Adorjan-Larsen Riga izt 1979 28/30}) 7. d4 cxd4 8. Nxd4
a6 9. Be3 (9. Be2 $5 Nf6 10. Bg5 Be7 11. O-O $14 {Suba-Spasov Albena 1977})
9... Nf6 10. Qf3 $6 (10. Be2) 10... O-O 11. O-O-O Nbd7 $1 12. Kb1 (12. Nxe6 $2
fxe6 13. Rxd6 Ne8 $1) 12... Qc7 $10 13. h3 Ne5 14. Qe2 Bd7 15. Nb3 Ng6 16. f3
Be5 17. Qf2 Bxc3 18. Bb6 Qc8 19. bxc3 e5 $1 20. h4 h5 21. Rd6 Re8 22. Nc5 Bc6
23. Qg3 e4 24. Kb2 exf3 25. gxf3 Qf5 26. Bd3 Qxf3 27. Qxf3 Bxf3 28. Rg1 Rac8
29. Bxg6 fxg6 30. Rxg6 Rc6 $17 31. Rxc6 Bxc6 32. Bc7 Re2+ 33. Kb3 Be8 34. Rg5
Bf7 35. Be5 Ne8 36. Nxb7 Re4 37. Na5 Rxh4 38. Kb4 Re4 39. Kc5 h4 40. Kb6 h3 41.
c5 Re2 42. c6 Rb2+ 43. Ka7 Rb5 44. c7 Nxc7 45. Rxg7+ Kf8 46. Rg5 Ne8 0-1

[Event "New York op"]
[Site "New York"]
[Date "1998.03.18"]
[Round "5"]
[White "Miezis, Normunds"]
[Black "Atalik, Suat"]
[Result "0-1"]
[WhiteElo "2505"]
[BlackElo "2595"]
[Annotator "Ribli,Z"]
[PlyCount "58"]
[EventDate "1998.03.16"]
[EventType "swiss"]
[EventRounds "9"]
[EventCountry "USA"]
[SourceTitle "CBM 064"]
[Source "ChessBase"]
[SourceDate "1998.06.02"]
[SourceVersion "1"]
[SourceVersionDate "1998.06.02"]
[SourceQuality "1"]

1. c4 e6 2. e4 $6 {Dieser Zug gefällt mir nicht, denn er schwächt den Punkt d4
in der weißen Stellung. Wir haben die gleiche Stellung, als spielte Weiß in
der Französischen Verteidigung 1.e4 e6 2.c4. Ribli.} (2. d4) 2... c5 3. Nc3 Nc6
4. g3 (4. Nf3 Nf6 5. Be2 $5 (5. d4 cxd4 6. Nxd4 Bb4 $11)) 4... Nf6 (4... g6 {
[%csl Rd4][%cal Gf8g7,Gg7a1]}) 5. f4 (5. Bg2 d5 (5... d6 $11) 6. exd5 exd5 7.
Nxd5 (7. cxd5 Nb4) 7... Nxd5 8. cxd5 Qe7+ (8... Nb4 $5) 9. Qe2 Nd4 10. Qxe7+
Bxe7 11. Be4 f5 12. Bb1 O-O 13. Ne2 Nf3+ 14. Kf1 f4 15. Kg2 Nh4+ 16. gxh4 f3+
$17 {0-1 Rogers,C-Atalik,S/Agios Nikolaos op 1995 (28)}) 5... d5 6. e5 Nd7 (
6... d4 7. exf6 dxc3 8. bxc3 gxf6 (8... Qxf6 9. Nf3 e5 10. Nxe5 Nxe5 11. Qe2
Bd6 12. fxe5 Qxe5 13. Qxe5+ Bxe5 14. Bg2 Rb8 15. O-O O-O 16. Ba3 b6 17. Rae1
Bd6 18. Bd5 Bb7 19. Rf5 Bxd5 20. Rxd5 Rfd8 21. d4 Bf8 $13 {Sunye Neto,J-Deze,A/
Novi Sad 1983/1/2-1/2 (47)}) 9. Bg2 Bg7 10. d3 f5 11. Ne2 O-O 12. O-O Qc7 13.
Ba3 Na5 14. Qc2 Bd7 15. Nc1 Rad8 16. Nb3 Ba4 17. Rab1 b6 18. Rfc1 Rfe8 19. Re1
Rd7 20. Re3 Red8 21. Bf1 Nc6 $13 {Miezis,N-Womacka,M/Schoeneck 1996/0-1 (67)})
(6... Ne4 7. Nxe4 dxe4 8. Bg2 (8. Qc2 Nd4 9. Qxe4 Bd7 $19 {[%cal Rd7c6,Rc6h1]})
8... Qd3 $13 (8... Nb4 9. Bxe4 Nd3+ 10. Ke2 $14)) 7. d3 (7. cxd5 exd5 8. Nxd5
Ndxe5 $15 {[%csl Rd3,Rd4][%cal Rd8d5]}) 7... Nb6 $5 $146 {Das ist ein
logischer Zug. Schwarz hält die Spannung aufrecht. er kann sich später
entscheiden, ...dxc4 oder ...d4 zu spielen, bzw. weiter abzuwarten.} (7... f5
8. Bg2 d4 9. Nce2 Qc7 10. Nf3 Be7 11. O-O O-O 12. a3 b6 13. b4 Bb7 14. b5 Nd8
15. a4 a5 16. bxa6 Rxa6 17. Bd2 Bc6 18. Ne1 Nf7 $11 {Popchev,M-Razuvaev,Y/
Sochi-A 1989/1/2-1/2 (47)}) (7... d4 8. Ne4 $14 {Und der weiße Springer steht
aktiv auf e4, während der Punkt d5 für Schwarz unerreichbar ist.}) 8. b3 (8.
Nf3 Be7 $5 (8... dxc4 9. dxc4 Qxd1+ 10. Kxd1 Bd7 $11)) 8... Be7 9. Bg2 f6 $5
$13 {Wie in der Französischen Verteidigung: Schwarz sprengt das Zentrum
mittels ...f7-f6.} 10. Nf3 O-O 11. O-O Bd7 12. a4 $6 {Damit schwächt Weiß
seinen Damenflügel.} (12. Qe2 $13 d4 $6 13. exf6 (13. Ne4 f5 14. Nf2) 13...
Bxf6 14. Ne4 $14) 12... a5 {[%csl Yb4,Yb5]} 13. Nb5 {Die Punkte b4 und b5
stellen beiderseitige Felderschwächen dar, aber Schwarz hat das bessere
Figurenspiel.} f5 $1 {Eine strategisch richtige Entscheidung. Schwarz möchte ..
.d5-d4 spielen, dabei aber nicht das für Weiß günstige exf6 zulassen.} 14. Qe2
Nb4 $15 {Der Springer hat einen guten Vorposten auf b4 bezogen. Schwarz hält
die wichtigsten Trümpfe in der Hand.} (14... d4 $11 15. Na3 Nb4 16. Bd2 h6) 15.
Be3 $6 {Mit diesem Zug gibt Weiß dem Schwarzen Zeit.} (15. Bd2) 15... d4 16.
Bd2 Bxb5 $1 {Schwarz gibt das Läuferpaar auf. Springer scheinen in dieser
Stellung wertvoller zu sein.} 17. axb5 (17. cxb5 N6d5 $15 {[%csl Gb4,Yc3,Gd4,
Gd5,Ye3]}) 17... a4 18. bxa4 Nxa4 {Die Springer stehen jetzt ideal am
Damenflügel und es gibt gute Möglichkeiten für Schwarz einzudringen.} 19. Ng5
Bxg5 20. Bxb7 (20. fxg5 Nc3 21. Bxc3 dxc3 {[%csl Gb4,Gc3,Rd3]} 22. Rxa8 Qxa8
$17) 20... Ra5 (20... Ra7 21. fxg5 Rxb7 22. Rxa4 $16) (20... Be7 21. Bxa8 Qxa8
22. Qd1 $16 {[%csl Ra4][%cal Rd1a4,Ra1a4]}) 21. fxg5 Nc3 22. Qf3 $6 (22. Bxc3
dxc3 23. Rxa5 Qxa5 $44 {[%csl Ga5,Gb4,Gc3] Schwarz hat einen Bauern weniger,
aber sein c3-Bauer ist sehr stark. Nach meiner Meinung ist das mehr als
ausreichende Kompensation.}) 22... Qb6 {[%csl Rb7] Der Läufer b7 hängt in der
luft.} 23. g4 $6 {Weiß sucht nach Initiative am Königsflügel, was seinen
Untergang beschleunigt.} (23. Rxa5 Qxa5 24. Bxc3 dxc3 $44) 23... Rxa1 24. Rxa1
fxg4 $17 25. Qg2 Nxd3 {[%csl Gc3,Gd3,Gd4,Rg1] Schwarz hat einen Mehrbauern und
Weiß viele Schwächen.} 26. Qc6 Qa5 $3 $19 {[#] Ein sehr schöner Zug! Es hängt
der Turm auf a1 und es droht Figurengewinn durch ...Ne2+.} 27. Qxe6+ (27. Rxa5
Ne2+ 28. Kg2 (28. Kh1 Rf1+ 29. Kg2 Rg1#) 28... Rf2+ 29. Kh1 Rf1+ 30. Kg2 Rg1#)
27... Kh8 28. Bxc3 (28. Rxa5 Ne2+ $19) 28... Qxc3 {[%csl Gc3,Gd3,Rg1]} 29. Qa6
Nc1 {[%csl Rg1] Und der weiße König kann dem Mattnetz nicht entrinnen. Weiß
gab auf. Ribli.} 0-1

[Event "Reykjavik op"]
[Site "Reykjavik"]
[Date "1994.??.??"]
[Round "1"]
[White "Hjartarson, Johann"]
[Black "Bjarnason, Saevar"]
[Result "1/2-1/2"]
[WhiteElo "2595"]
[BlackElo "2315"]
[Annotator "Ribli,Z"]
[PlyCount "143"]
[EventDate "1994.02.??"]
[EventType "swiss"]
[EventRounds "9"]
[EventCountry "ISL"]
[SourceTitle "CBM 041"]
[Source "ChessBase"]
[SourceDate "1994.08.01"]
[SourceVersion "1"]
[SourceVersionDate "1994.08.01"]
[SourceQuality "1"]

1. c4 Nf6 2. Nc3 e6 3. e4 c5 4. e5 Ng8 5. Nf3 d6 6. exd6 Bxd6 7. d4 cxd4 8.
Qxd4 Nf6 9. Nb5 Bb4+ 10. Bd2 Qxd4 11. Nfxd4 Bxd2+ 12. Kxd2 Na6 (12... Ke7 $5 {
Salov,V-Khalifman,A/Wijk cm4/1994/CBM40/INF59,21/}) 13. Nd6+ Ke7 14. Nxc8+
Rhxc8 (14... Raxc8 $5 15. Be2 Rhd8 16. Ke3 Nb4 $10) 15. Be2 Rd8 16. Ke3 Nb4 17.
f4 (17. Rhc1 e5 18. Nf5+ Kf8 19. a3 Nc6 $13) 17... Rxd4 18. Kxd4 Nc2+ 19. Kc3
Nxa1 20. Rxa1 Rc8 21. Kd4 Nd7 (21... Rd8+ 22. Ke3 $14) 22. b4 Nb8 (22... Nb6
23. a4 $14) 23. Bf3 (23. b5 $2 Nd7 24. Bf3 Nc5 $13) 23... Rc7 24. c5 (24. b5 $2
Nd7 $13) 24... Nc6+ 25. Kc4 Kd8 26. b5 (26. a4 $5) 26... Nb8 27. a4 Nd7 28. c6
bxc6 29. bxc6 Nf6 30. Rb1 (30. a5 $5) 30... Ke7 31. Rd1 h6 32. a5 g5 33. g3
gxf4 34. gxf4 Ne8 35. Kc5 Nf6 36. Rb1 Nd7+ 37. Kd4 Nf6 38. Ke5 (38. Rb8 $5 Kd6
39. Rd8+ Ke7 40. Rh8 $16) 38... Ne8 39. Rb7 f6+ 40. Kd4 Kd6 41. Rb8 Re7 (41...
Ke7 42. Kc5 $16) 42. Kd3 Kc7 43. Ra8 Kd6 44. Rd8+ Kc7 45. Ra8 Kd6 46. c7 $5
Nxc7 47. Rxa7 Re8 48. Rb7 Nd5 49. Bxd5 Kxd5 50. a6 h5 51. Ke3 Ra8 52. Rb6 Ra7
53. f5 (53. Kf3 $5) 53... exf5 54. Kf4 Rg7 55. Rb5+ Kc6 56. Ra5 Kb6 57. Ra2 (
57. a7 Rxa7 58. Rxa7 Kxa7 59. Kxf5 Kb6 60. Kxf6 Kc7 61. Kg6 Kd8 62. Kxh5 Ke7
63. Kg6 Kf8 $10) 57... Ka7 58. Kxf5 Rg4 59. Kxf6 h4 60. Kf5 Rg1 61. Ra4 h3 62.
Ra3 Rh1 63. Rxh3 Kxa6 64. Ra3+ (64. Rh6+ Kb7 65. h4 Kc7 66. h5 Kd7 67. Rh7+ Ke8
68. Kg6 Rg1+ $10) 64... Kb5 65. h3 Kc5 66. Ke6 Re1+ 67. Kf6 Rh1 68. Rd3 Kc4 69.
Rg3 Kd5 70. Ra3 Rf1+ 71. Ke7 Ke5 72. h4 1/2-1/2

[Event "OHRA-A"]
[Site "Amsterdam"]
[Date "1990.??.??"]
[Round "7"]
[White "Azmaiparashvili, Zurab"]
[Black "Beliavsky, Alexander G"]
[Result "1/2-1/2"]
[WhiteElo "2575"]
[BlackElo "2605"]
[Annotator "Ribli,Z"]
[PlyCount "103"]
[EventDate "1990.07.??"]
[EventType "tourn"]
[EventRounds "10"]
[EventCountry "NED"]
[EventCategory "14"]
[SourceTitle "CBM 020"]
[Source "ChessBase"]
[SourceDate "1991.02.01"]
[SourceVersion "1"]
[SourceVersionDate "1991.02.01"]
[SourceQuality "1"]

1. c4 Nf6 2. Nc3 e6 3. e4 c5 4. e5 Ng8 5. d4 cxd4 6. Qxd4 Nc6 7. Qe4 d6 8. Nf3
Qa5 (8... dxe5 9. Nxe5 Nxe5 10. Qxe5 Nf6 11. Be2 Bd6 12. Qb5+ Qd7 13. Be3 {
Seirawan,Y-Beliavsky,A WchT Luzern 1989 CBM/16 48/12}) 9. exd6 Bxd6 10. Bd2 Nf6
11. Qd3 Bb4 (11... Qd8 12. O-O-O O-O 13. Bg5 Be7 $10 {Pribyl-Andersson Tallin
1973}) 12. a3 Ne5 13. Nxe5 Qxe5+ 14. Be2 Be7 15. O-O O-O 16. Rfd1 Bd7 17. Qe3
Qc7 18. Rac1 Rac8 19. Nb5 Bxb5 20. cxb5 Bc5 21. Qf3 Qe7 22. Be1 Rfd8 23. Rxd8+
Rxd8 24. Qf4 h6 25. Qc4 Rc8 26. Kf1 Rc7 27. Qb3 Bd4 28. Rd1 Qc5 29. Qb4 Qxb4
30. Bxb4 Bxb2 31. Bf3 g5 32. h3 Be5 33. Rd8+ Kg7 34. Ke2 h5 35. g4 hxg4 36.
hxg4 b6 37. Kd3 Rd7+ 38. Rxd7 Nxd7 39. Bc6 Nf6 40. f3 Kg6 41. a4 Bc7 42. Kd4
Ng8 43. Bd7 Kf6 44. Ba3 Ne7 45. Bxe7+ Kxe7 46. Bc6 f5 47. Bb7 Kd7 48. gxf5 exf5
49. Bd5 Bh2 50. Bb3 Kd6 51. Bc2 Bg1+ 52. Kc4 1/2-1/2

[Event "St Petersburg op"]
[Site "St Petersburg"]
[Date "1994.??.??"]
[Round "7"]
[White "Genba, Vladimir"]
[Black "Kiriakov, Petr"]
[Result "1-0"]
[WhiteElo "2350"]
[BlackElo "2470"]
[Annotator "Ribli,Z"]
[PlyCount "79"]
[EventDate "1994.02.??"]
[EventType "swiss"]
[EventRounds "9"]
[EventCountry "RUS"]
[SourceTitle "CBM 041"]
[Source "ChessBase"]
[SourceDate "1994.08.01"]
[SourceVersion "1"]
[SourceVersionDate "1994.08.01"]
[SourceQuality "1"]

1. e4 c5 2. c4 e6 3. Nc3 Nf6 4. e5 Ng8 5. Nf3 d6 6. exd6 Bxd6 7. d4 cxd4 8.
Nxd4 a6 9. Be3 (9. g3 Nf6 10. Bg2 O-O 11. O-O e5 $10 {Azmaiparashvili,
Z-Georgiev,Ki/Las Palmas/1993/CBM36/}) 9... Nf6 10. g4 $5 (10. Qf3 O-O 11.
O-O-O Nbd7 $13 {Kortschnoj,V-Vladimirov,E/Salamanca/1991/CBM23/INF51,20/})
10... h6 (10... e5 11. Nf5 Bxf5 12. gxf5 O-O 13. Rg1 $36) 11. Be2 Qc7 12. Qd2
Bd7 13. O-O-O Bb4 (13... Bxh2 $2 14. f4 Bg3 15. Rdg1 $18) 14. f3 Nc6 15. a3 Be7
16. Kb1 (16. h4 $5) 16... Na5 17. h4 Rd8 (17... Nxc4 $5 18. Bxc4 Qxc4 19. Rc1
$44) 18. g5 Nh5 19. Ne4 e5 (19... Nxc4 $5) 20. Nc2 Be6 21. Qc3 Rxd1+ 22. Rxd1
f5 (22... Nxc4 23. gxh6 gxh6 24. Bxc4 Qxc4 25. Qxe5 $16) 23. f4 $1 O-O (23...
Nxf4 24. Bxf4 exf4 25. Qxg7 $18) 24. Bxh5 fxe4 25. gxh6 Bf6 26. hxg7 Bxg7 27.
Rg1 Kh8 28. fxe5 Nxc4 (28... Bxe5 29. Bd4 $18) 29. Nd4 (29. Bd4 $5) 29... Bd5
30. e6 (30. Ne2 $5) 30... Qe5 31. Rxg7 Rf1+ (31... Kxg7 32. Nf5+ Rxf5 33. Bd4
$18) (31... Qxg7 32. Bf7 $44) 32. Bc1 Qxg7 33. Be2 $1 Rxc1+ 34. Kxc1 Nd6 35.
Qc5 Qe5 36. e7 $1 Kh7 37. Qxd6 Qxd6 38. e8=Q Qc5+ 39. Nc2 Qg1+ 40. Bd1 1-0